| 000 | 00644nam a2200229 a 4500 | ||
|---|---|---|---|
| 001 | 000024057 | ||
| 003 | OSt | ||
| 005 | 20200930022700.0 | ||
| 008 | 110118s1967 ve r 000 e spa d | ||
| 040 |
_aDO-SdBNP _bspa _cBNPHU |
||
| 082 |
_aVe864.44 _bC172l |
||
| 100 | 1 |
_aCamacho, Simón _949433 |
|
| 245 | 1 | 0 |
_aA Lima / _cSimón Camacho. |
| 260 |
_aCaracas, Venezuela : _bFundación Shell, Fondo de Publicaciones, _c1967. |
||
| 300 |
_a165 p. ; _c17 cm. |
||
| 490 | 1 |
_aDistinta _v10 |
|
| 650 | 4 |
_aEnsayo venezolano _910693 |
|
| 650 | 4 |
_aLiteratura venezolana _93816 |
|
| 830 | 0 |
_aDistinta, 10 _949434 |
|
| 942 |
_2ddc _cLF1 |
||
| 956 | _aLOPEREZ | ||
| 999 |
_c23552 _d23552 |
||